| 000 | 00557nam a22001697a 4500 | ||
|---|---|---|---|
| 003 | SGT | ||
| 020 | _a9789382219026 | ||
| 082 | _a610,PAR | ||
| 100 | _aPARK K | ||
| 245 | _aTEXTBOOK OF PREVENTIVE AND SOCIAL MEDICINE | ||
| 250 | _a22ND | ||
| 260 |
_aNEW DELHI _bBANARSIDAS BHANOT _c2013 |
||
| 300 | _a876 | ||
| 650 | _aMEDICINE AND HEALTH | ||
| 653 | _aTOWARDS HEALTH AND DISEASE,CONCEPT OF HEALTH AND DISEASE, PRINCIPLES OF EPIDEMIOLOGY AND EPIDEMIOLOGIC METHODAS, SCREENING,FOR DISEASE, EMID EMILOGY OF COMMUNICABLE DISEASES, | ||
| 942 |
_2ddc _cFCM _014 |
||
| 999 |
_c9182 _d9182 |
||